Pre factibilidad técnica y financiera de un micro beneficio de café

Furkejuvvon:
Bibliográfalaš dieđut
Váldodahkki: Cuartas Alzate, Fernando
Materiálatiipa: Girji
Giella:Spanish
Almmustuhtton: San José, Costa Rica 2013
Fáttát:
Fáddágilkorat: Lasit fáddágilkoriid
Eai fáddágilkorat, Lasit vuosttaš fáddágilkora!

MARC

LEADER 00000nam a22000007a 4500
003 011876
005 20221231143902.0
008 150318b2013 cr a|||| |||| 00| 0 spa d
040 |c cru CEDI  
090 |a TFG 7044 
100 |9 542  |a Cuartas Alzate, Fernando  
245 |a Pre factibilidad técnica y financiera de un micro beneficio de café 
260 |a San José, Costa Rica  |c  2013 
500 |a Proyecto de graduación (licenciatura en ingeniería química)--Universidad de Costa Rica. Facultad de Ingeniería. Escuela de Ingeniería Química 
650 |x CAFE - INDUSTRIA Y COMERCIO - COSTA RICA   |x CAFE - PRODUCCION - COSTA RICA  |x  CAFE - PROCESAMIENTO - COSTA RICA   |x CAFE - ASPECTOS ECONOMICOS - COSTA RICA  |x  BENEFICIO DE CAFE   |x ANALISIS DE COSTOS   |x PROYECTOS DE INVERSION   |9 543 
942 |c TFG 
999 |c 13740  |d 13740